000 00819nam a2200253Ia 4500
003 OSt
005 20220923212920.0
006 a|||||r|||| 00| 0
007 ta
008 220922b |||||||| |||| 00| 0 hin d
024 _a156,947
037 _cTextual
040 _aARTS
_cARTS
_bhin
041 _2hin
_ahin
082 _aO152:f, L9
100 _aत्रिपाठी, रमानाथ
245 0 _aहिन्दी शोध
_b नये प्रयोग
246 _aHindī shodha: naye prayoga
260 _aदिल्ली
_b वाणी प्रकाशन
_c1979
300 _a150 पृ.
_ccm.
650 _aहिन्दी साहित्य
_9156264
942 _hO152:f, L9
_cTEXL
_2CC
999 _c312164
_d312164